[Event "Wch U10 blitz"]
[Site "Minsk"]
[Date "2018.06.24"]
[Round "6"]
[White "Moshkin, Aleksandr"]
[Black "Kolesov, Gordey"]
[Result "0-1"]
[WhiteElo "1312"]
[BlackElo "1633"]
[PlyCount "106"]
[EventDate "2018.06.24"]
[EventType "swiss (blitz)"]
[EventRounds "9"]
[EventCountry "BLR"]
[SourceTitle "EXT 2019"]
[Source "ChessBase"]
[SourceDate "2018.10.10"]
[SourceVersion "1"]
[SourceVersionDate "2018.10.10"]
[SourceQuality "1"]

1. Nf3 d5 2. g3 Nf6 3. Bg2 Bf5 4. d3 e6 5. 0-0 h6 6. Nbd2 Be7 7. Nh4 Bh7 8. Nhf3 0-0 9. c4 c6 10. b3 Nbd7 11. Bb2 Re8 12. Ne5 Nxe5 13. Bxe5 Nd7 14. Bb2 Bf6 15. Bxf6 Nxf6 16. Rc1 Qd7 17. e4 dxe4 18. dxe4 Rad8 19. e5 Qxd2 20. Qxd2 Rxd2 21. exf6 gxf6 22. Ra1 Red8 23. Bf3 Bc2 24. Rac1 R8d4 25. Rfe1 e5 26. Re3 Kf8 27. Rc3 Bg6 28. b4 Rxa2 29. b5 cxb5 30. cxb5 b6 31. Rc8+ Kg7 32. h4 Rdd2 33. h5 Bf5 34. R8c7 Be6 35. Rf1 Rdb2 36. Bc6 a5 37. Rb7 a4 38. Rxb6 a3 39. Ra6 Bc4 40. Rd1 Bxb5 41. Bxb5 Rxb5 42. Rdd6 Ra1+ 43. Kg2 Rb2 44. Rxf6 a2 45. Rf5 Rab1 46. Raf6 Rb7 47. Ra6 a1Q 48. Rd6 Rg1+ 49. Kf3 Rb3+ 50. Kg4 Qa4+ 51. Kh3 Rh1+ 52. Kg2 Qe4+ 53. Rf3 Qxf3# 0-1